Ski Resorts in USA with 6-Pack Chairlifts - Statistics

General Stats
  • This quiz has been taken 12 times
  • The average score is 11 of 47
Answer Stats
State Answer % Correct
Colorado Vail
91%
Colorado Breckenridge
82%
Montana Big Sky
64%
California Heavenly
55%
Utah Park City
55%
Colorado Snowmass
55%
Vermont Killington
45%
Maine Sugarloaf
45%
Maine Sunday River
45%
Colorado Keystone
36%
Vermont Stratton
36%
Colorado Copper Mountain
27%
California Mammoth Mountain
27%
West Virginia Snowshoe Mountain
27%
California Squaw Valley
27%
Colorado Steamboat
27%
West Virginia Timberline Mountain
27%
California Alpine Meadows
18%
Colorado Beaver Creek
18%
Pennsylvania Blue Mountain
18%
New York Hunter Mountain
18%
Vermont Mount Snow
18%
California Northstar
18%
Vermont Okemo
18%
New Hampshire Ragged Mountain
18%
Idaho Schweitzer
18%
Pennsylvania Seven Springs
18%
New York Windham Mountain
18%
Colorado Winter Park
18%
Arizona Arizona Snowbowl
9%
Colorado Eldora
9%
Wisconsin Granite Peak
9%
New York Holiday Valley
9%
Massachusetts Jiminy Peak
9%
Minnesota Lutsen
9%
Nevada Mt. Rose
9%
Colorado Purgatory
9%
Utah Snowbasin
9%
North Carolina Sugar Mountain
9%
Virginia Wintergreen
9%
California Bear Valley
0%
Minnesota Boyne Mountain
0%
Washington Crystal Mountain
0%
Vermont Haystack Mountain
0%
Utah Nordic Valley
0%
California Snow Valley
0%
Oregon Willamette Pass
0%
No matching quizzes found
Score Distribution
Percent of People with Each Score
Percentile by Number Answered
Your Score History
You have not taken this quiz